An introduction to Medicinal Chemistry (Record no. 4039)

MARC details
000 -LEADER
fixed length control field 01022cam a22003014a 4500
001 - CONTROL NUMBER
control field 13845749
003 - CONTROL NUMBER IDENTIFIER
control field OSt
005 - DATE AND TIME OF LATEST TRANSACTION
control field 20170322185308.0
008 - FIXED-LENGTH DATA ELEMENTS--GENERAL INFORMATION
fixed length control field 050119s2005 enka b 001 0 eng
010 ## - LIBRARY OF CONGRESS CONTROL NUMBER
LC control number 2005001546
020 ## - INTERNATIONAL STANDARD BOOK NUMBER
International Standard Book Number 0199275009 (pbk. : alk. paper)
040 ## - CATALOGING SOURCE
Original cataloging agency DLC
Transcribing agency DLC
Modifying agency DLC
042 ## - AUTHENTICATION CODE
Authentication code pcc
050 00 - LIBRARY OF CONGRESS CALL NUMBER
Classification number RS403
Item number .P38 2005
082 00 - DEWEY DECIMAL CLASSIFICATION NUMBER
Classification number QV 744
Edition number 22
Item number P275a 2005
100 1# - MAIN ENTRY--PERSONAL NAME
Personal name Patrick, Graham L.
9 (RLIN) 8528
245 13 - TITLE STATEMENT
Title An introduction to Medicinal Chemistry
250 ## - EDITION STATEMENT
Edition statement 3rd ed.
260 ## - PUBLICATION, DISTRIBUTION, ETC. (IMPRINT)
Name of publisher, distributor, etc. Oxford University Press,
Date of publication, distribution, etc. 2005.
300 ## - PHYSICAL DESCRIPTION
Extent xxvi, 741 p. :
Other physical details col.ill ;
Dimensions 25 cm.
504 ## - BIBLIOGRAPHY, ETC. NOTE
Bibliography, etc Includes bibliographical references and index.
650 #0 - SUBJECT ADDED ENTRY--TOPICAL TERM
Topical term or geographic name as entry element Pharmaceutical chemistry.
9 (RLIN) 283
650 #0 - SUBJECT ADDED ENTRY--TOPICAL TERM
Topical term or geographic name as entry element Medicinal chemistry
9 (RLIN) 3953
856 41 - ELECTRONIC LOCATION AND ACCESS
Materials specified Table of contents only
Uniform Resource Identifier http://www.loc.gov/catdir/toc/ecip056/2005001546.html
856 42 - ELECTRONIC LOCATION AND ACCESS
Materials specified Publisher description
Uniform Resource Identifier http://www.loc.gov/catdir/enhancements/fy0637/2005001546-d.html
906 ## - LOCAL DATA ELEMENT F, LDF (RLIN)
a 7
b cbc
c orignew
d 1
e ecip
f 20
g y-gencatlg
942 ## - ADDED ENTRY ELEMENTS (KOHA)
Source of classification or shelving scheme Dewey Decimal Classification
Koha item type Short Loan
Holdings
Withdrawn status Lost status Source of classification or shelving scheme Damaged status Not for loan Home library Current library Date acquired Source of acquisition Inventory number Total Checkouts Full call number Barcode Date last seen Koha item type Date last checked out
    Other/Generic Classification Scheme     MUST Main Library MUST Main Library 13/05/2016   06/26700   QV 744 P275a 2005 2016-1903 13/05/2016 Short Loan  
    Other/Generic Classification Scheme     MUST Main Library MUST Main Library 02/10/2019 Purchase 06/26701 3 QV 744 P275a 2005 2019-0503 01/04/2021 Open Shelf 23/03/2021
    Other/Generic Classification Scheme     Pharmacy Department Library Pharmacy Department Library 22/03/2017   06/26702   QV 744 P275a 2005 2017-0497 22/03/2017 Short Loan